Best EA FC 24 player of every nation - Statistics

General Stats
  • This quiz has been taken 102 times
  • The average score is 23 of 155
Answer Stats
Hint Answer % Correct
England 90 Harry Kane
95%
France 91 Kylian Mbappe
83%
Argentina 90 Lionel Messi
78%
Brazil 89 Casemiro, Alisson, Neymar, Vinicius
66%
Poland 90 Robert Lewandowski
66%
Netherlands 89 Van Dijk
63%
Norway 91 Erling Haaland
59%
South Korea 87 Heung Min Son
58%
Belgium 91 Kevin De Bruyne
58%
Spain 91 Alexia Putellas
55%
Italy 87 Donnarumma
55%
Croatia 87 Luka Modric
55%
Germany 89 Ter Stegen
53%
Austria 85 David Alaba, Manuela Zinsberger
51%
Uruguay 88 Federico Valverde
49%
Egypt 89 Mohamed Salah
48%
Portugal 89 Ruben Dias
48%
Senegal 86 Sadio Mane
46%
Scotland 86 Andrew Robertson, Kim Little
44%
Algeria 86 Riyad Mahrez
43%
Nigeria 88 Victor Osimhen
43%
Slovenia 88 Jan Oblak
40%
Australia 90 Samantha Kerr
39%
Switzerland 87 Gregor Kobel
38%
Costa Rica 85 Keylor Navas
38%
Serbia 86 Milinkovic-Savic
36%
USA 89 Alex Morgan
35%
Colombia 84 Luis Diaz
35%
Turkey 85 Hakan Calhanoglu
34%
Bosnia and Herzegovina 83 Edin Dzeko
33%
Ecuador 80 Moises Caicedo, Estupinan
33%
Iran 82 Taremi
33%
Georgia 86 Khvicha Kvaratskhelia
31%
Czechia 83 Patrik Schick
30%
Gabon 80 Pierre-Emerick Aubameyang
29%
Morocco 85 Bounou
28%
Paraguay 81 Miguel Almiron
28%
Ghana 85 Thomas Partey
28%
Cameroon 85 Onana
26%
Slovakia 84 Stanislav Lobotka, Skriniar
26%
Saudi-Arabia 77 Salem Al Dawsari
24%
Montenegro 82 Stefan Savic
24%
Armenia 81 Henrikh Mkhitaryan
23%
Hungary 84 Peter Gulacsi
23%
Denmark 84 Hojbjerg, Mosegaard-Harder
20%
Mexico 81 Ochoa, Lozano, Alvarez, Sanchez
20%
Finland 81 Lukas Hradecky
19%
Burkina Faso 81 Tapsoba
19%
Russia 79 Alexandr Golovin
18%
Cen. Afr. Rep. 81 Geoffrey Kondogbia
16%
Tunisia 81 Ellyes Skhiri
15%
Sweden 87 Fridolina Rolfö
14%
Kosovo 81 Amir Rrahmani
13%
Ukraine 82 Viktor Tsygankov
13%
Ireland 85 Katie McCabe
11%
Chile 88 Claudia Christiane Endler
10%
Mali 80 Hamari Traore
10%
Ivory Coast 83 Sébastien Haller
10%
Kenya 74 Victor Wanyama
10%
Greece 81 Vlachodimos
10%
Jamaica 85 Khadija Shaw
9%
Gambia 77 Musa Barrow
9%
India 66 Sunil Chhetri
9%
Dem. Rep. Congo 80 Chancel Mbemba
8%
Guinea 78 Naby Keita
8%
Mozambique 81 Reinildo
8%
Libya 81 Ali Musrati
6%
Peru 78 Renato Tapia
6%
Suriname 78 Sheraldo Becker
6%
Malta 79 Teddy Teuma
6%
Canada 86 Ashley Lawrence
4%
Curacao 72 Eloy Room, Jürgen Locadia
3%
Iceland 83 Glodis Perla Viggosdottir
3%
Wales 84 Jess Fishlock
3%
Luxembourg 76 Barreiro Martins
1%
Cape Verde 74 Bebe, Cabral
1%
Uzbekistan 72 Eldor Shomurdov
1%
Venezuela 82 Gabriela Garcia
1%
Philippines 70 Gerrit Holtmann
1%
Trinidad and Tobago 77 Levi Garcia
1%
Guinea-Bissau 75 Mama Balde
1%
Angola 78 M’Bala Nzola
1%
Haiti 81 Melchie Dumornay
1%
Albania 78 Myrto Uzuni
1%
Liberia 76 Oscar Dorley
1%
Zambia 83 Racheal Kundananji
1%
Fiji 68 Roy Krishna
1%
Grenada 70 Shandon Baptiste
1%
China 79 Shuang Wang
1%
Latvia 68 Vladislavs Gutkovskis
1%
New Zealand 81 Abby Erceg
0%
Syria 65 Aias Aosman
0%
Benin 73 Aiyegun Tosin
0%
Romania 79 Andreea Paraluta
0%
Azerbaijan 71 Anton Krivotsyuk
0%
Moldova 72 Artur Ionita
0%
South Sudan 55 Ayom Majok
0%
Mauritania 66 Babacar Niasse, Aly Abeid
0%
UAE 72 Bandar Al Ahbabi
0%
El Salvador 67 Brayan Gil, Alex Roldan
0%
Vanuatu 68 Brian Kaltak
0%
North Korea 63 Byong Jun An
0%
Bolivia 74 Carlos Lampe
0%
Malawi 64 Charles Petro
0%
Sri Lanka 63 Claudio Kammerknecht
0%
Taiwan 70 Dingyang Zhou
0%
Montserrat 65 Donervon Daniels
0%
Lithuania 66 Edgaras Utkus
0%
Dominican Rep. 56 Edison Azcona
0%
Indonesia 60 Elkan Baggott
0%
Guyana 65 Elliot Bonds
0%
Andorra 66 Eulate, Teresa Armengol
0%
Comoros 74 Faiz Selemani
0%
Kazakhstan 65 Georgiy Zhukov
0%
Faroe Islands 63 Gilli Rolantsson Sorensen
0%
Uganda 69 Herbert Bockhorn
0%
St Lucia 67 Janoi Donacien
0%
Estonia 70 Karol Mets
0%
Bermuda 72 Kenni Thompson
0%
Togo 78 Kodjo Fo-Doh Laba
0%
Cyprus 71 Konstantinos Laifis
0%
South Africa 75 Linda Motlhalo, Thembi Kgatlana
0%
Mauritius 65 Lindsay Rose
0%
Madagascar 73 Loic Lapoussin
0%
Antigua and Barbuda 67 Mahlon Romeo
0%
Republic Congo 72 Makouta
0%
Namibia 64 Manfred Starke
0%
Liechtenstein 69 Marcel Büchel
0%
Chad 68 Marius Mouandilmadji
0%
Zimbabwe 77 Marshall Munetsi
0%
Bulgaria 72 Martin Minchev
0%
Tanzania 72 Mbwana Ally Samatta
0%
Guatemala 68 Mendez-Laing, Aaron Herrera
0%
Panama 72 Michael Murillo
0%
Sudan 65 Mo Eisa
0%
Iraq 69 Mohanad Jeahze, Kevin Yakob
0%
Jordan 70 Musa Al Tamari
0%
North Macedonia 81 Natasa Andonova
0%
Thailand 62 Nicholas Mickelson
0%
Palestine 73 Oday Dabbagh
0%
Northern Ireland 74 Oliver Norwood
0%
Lebanon 62 Omar Bugiel
0%
Cuba 71 Onel Hernandez
0%
Pakistan 63 Otis Khan
0%
Equatorial Guinea 75 Oubina
0%
St Kitts and Nevis 73 Phoenetia Browne
0%
Honduras 74 Romell Quioto
0%
Israel 79 Sharon Beck
0%
Gibraltar 58 Tjay De Barr, Louie Annesley
0%
Hong Kong 69 Vas Nunez
0%
Belarus 69 Viktoria Kazakevich
0%
Sierra Leone 70 Yayah Kallon, Kei Kamara
0%
Burundi 75 Youssouf Ndayishimiye
0%
Japan 84 Yuki Nagasato
0%
Puerto Rico 65 Zarek Valentin
0%
No matching quizzes found
Score Distribution
Percent of People with Each Score
Percentile by Number Answered
Your Score History
You have not taken this quiz